000 00680nam a2200229Ia 4500
003 OSt
005 20220925204941.0
006 a|||||r|||| 00| 0
007 ta
008 220923b |||||||| |||| 00| 0 eng d
037 _cGeneral Book
040 _aRTL
_cRTL
_beng
041 _2eng
_aeng
082 _aY:3(Q:45), L9
100 _aTurner Harold W
_9269308
245 0 _aFrom temple to meeting House
_b The phenomenology and theology of places of worship
260 _aHague
_bMouton
_c1979
300 _axiv, 404p
_ccm.
490 _aReligion and Society. 16
942 _hY:3(Q:45), L9
_cGB
_2CC
999 _c550833
_d550833